Platit z mobilu? Platit mobilem!
Poskytovatelia finančncýh služieb reagujú na trendy majiteľov smartphonov a postupne sa etablujú na nové mobilné verzie internetového bankovníctva, takzvaného smart bankingu.
Gespeichert in:
| 1. Verfasser: | |
|---|---|
| Format: | Buchkapitel |
| Sprache: | Tschechisch |
| Schlagworte: | |
| Tags: |
Keine Tags, Fügen Sie das erste Tag hinzu!
|
MARC
| LEADER | 00000naa a2200000 4500 | ||
|---|---|---|---|
| 001 | 0157128 | ||
| 005 | 20231211082334.3 | ||
| 041 | 0 | |a cze | |
| 044 | |a CZ | ||
| 245 | 1 | 0 | |a Platit z mobilu? Platit mobilem! |c Renáta Holubová |
| 520 | |a Poskytovatelia finančncýh služieb reagujú na trendy majiteľov smartphonov a postupne sa etablujú na nové mobilné verzie internetového bankovníctva, takzvaného smart bankingu. | ||
| 610 | 2 | 0 | |a banky |
| 610 | 2 | 0 | |a bankovníctvo mobilné |
| 610 | 2 | 0 | |a internetbanking |
| 610 | 2 | 0 | |a služby finančné |
| 610 | 2 | 0 | |a platby bezhotovostné |
| 610 | 2 | 0 | |a telefón mobilný |
| 100 | 1 | |a Holubová, Renáta | |